<?xml version="1.0" encoding="UTF-8"?>
<record
    xmlns:xsi="http://www.w3.org/2001/XMLSchema-instance"
    xsi:schemaLocation="http://www.loc.gov/MARC21/slim http://www.loc.gov/standards/marcxml/schema/MARC21slim.xsd"
    xmlns="http://www.loc.gov/MARC21/slim">

  <leader>01101nam a2200241 i 4500</leader>
  <controlfield tag="001">118740</controlfield>
  <controlfield tag="003">ES-MaACL</controlfield>
  <controlfield tag="005">20251009181517.0</controlfield>
  <controlfield tag="007">t|</controlfield>
  <controlfield tag="008">070214s1928    sp      r    ||||1| spa d</controlfield>
  <datafield tag="100" ind1="1" ind2=" ">
    <subfield code="a">P&#xE9;rez-Bustamante, Ciriaco,</subfield>
    <subfield code="d">1896-1975</subfield>
    <subfield code="9">90682</subfield>
  </datafield>
  <datafield tag="245" ind1="1" ind2="4">
    <subfield code="a">Los or&#xED;genes del gobierno virreinal en las Indias Espa&#xF1;ola </subfield>
    <subfield code="b">: D. Antonio de Mendoza, primer virrey de la Nueva Espa&#xF1;a (1535-50) / </subfield>
    <subfield code="c">por el Dr. Ciriaco P&#xE9;rez Bustamante ; con un pr&#xF3;logo del Dr. Carlos Pereyra y nota preliminar del Excmo. Sr. D. Luis Blanco Rivero.</subfield>
  </datafield>
  <datafield tag="260" ind1=" " ind2=" ">
    <subfield code="a">Santiago : </subfield>
    <subfield code="b">[s.n.], </subfield>
    <subfield code="c">1928 (</subfield>
    <subfield code="f">Tip. del Eco Franciscano)</subfield>
  </datafield>
  <datafield tag="300" ind1=" " ind2=" ">
    <subfield code="a">XV, 230 p. ; </subfield>
    <subfield code="c">26 cm.</subfield>
  </datafield>
  <datafield tag="490" ind1="1" ind2=" ">
    <subfield code="a">Anales de la Universidad de Santiago ; </subfield>
    <subfield code="v">3</subfield>
  </datafield>
  <datafield tag="500" ind1=" " ind2=" ">
    <subfield code="a">Precede al ti. : Anales de la Universidad de Santiago.</subfield>
  </datafield>
  <datafield tag="600" ind1="1" ind2="4">
    <subfield code="a">Mendoza, Antonio de, </subfield>
    <subfield code="c">Virrey de M&#xE9;xico, </subfield>
    <subfield code="d">m. 1552</subfield>
    <subfield code="9">80239</subfield>
  </datafield>
  <datafield tag="700" ind1="1" ind2=" ">
    <subfield code="a">Pereyra, Carlos,</subfield>
    <subfield code="d">1871-1942</subfield>
    <subfield code="9">90541</subfield>
  </datafield>
  <datafield tag="700" ind1="1" ind2=" ">
    <subfield code="a">Blanco y Rivero, Luis.</subfield>
    <subfield code="9">126010</subfield>
  </datafield>
  <datafield tag="830" ind1="0" ind2=" ">
    <subfield code="a">Anales de la Universidad de Santiago ; </subfield>
    <subfield code="v">3</subfield>
    <subfield code="9">218534</subfield>
  </datafield>
  <datafield tag="852" ind1=" " ind2=" ">
    <subfield code="a">ES-MaACL</subfield>
    <subfield code="j">F-16189 </subfield>
    <subfield code="b">R.19687</subfield>
  </datafield>
  <datafield tag="999" ind1=" " ind2=" ">
    <subfield code="c">118740</subfield>
    <subfield code="d">118740</subfield>
  </datafield>
  <datafield tag="952" ind1=" " ind2=" ">
    <subfield code="0">0</subfield>
    <subfield code="1">0</subfield>
    <subfield code="4">0</subfield>
    <subfield code="7">0</subfield>
    <subfield code="a">ATENEOM</subfield>
    <subfield code="b">ATENEOM</subfield>
    <subfield code="c">SPP2</subfield>
    <subfield code="d">2008-01-17</subfield>
    <subfield code="e">SC</subfield>
    <subfield code="l">0</subfield>
    <subfield code="o">F-16189</subfield>
    <subfield code="p">1123784</subfield>
    <subfield code="r">2023-02-23 00:00:00</subfield>
    <subfield code="w">2023-02-23</subfield>
    <subfield code="y">MONOGRAFIA</subfield>
  </datafield>
</record>
